000 00576cam a22002053a 4500
001 40117
003 PGUSA
005 20140828083908.0
008 120701s2012||||xxu|||||s|||||000 | eng d
040 _aPGUSA
_beng
042 _adc
100 1 _aRilke, Rainer Maria,
_d1875-1926
245 1 0 _aDas Marien-Leben
_h[electronic resource] /
_cRainer Maria Rilke
260 _bProject Gutenberg,
_c2012
506 _aPublic domain in the USA.
516 _aElectronic text
830 0 _aProject Gutenberg
_v40117
856 4 0 _uhttp://www.gutenberg.org/ebooks/40117
942 _cEB
999 _c269370
_d269370